>Responses for Show #9148 - Wednesday, July 17, 2024>h1>

>p>

Contestants

>[&lt;< previous game]

> href="showplayer.php?player_id=17640" rel="external">Zach Eckstein>, a law clerk from New York, New York

> href="showplayer.php?player_id=17641" rel="external">Nella Ballauer>, a church secretary from Amarillo, Texas

> href="showplayer.php?player_id=17639" rel="external">Jay Fisher>, a government relations manager from Lisle, Illinois (whose 1-day cash winnings total $1,799)

>[next game >>]

Jeopardy! Round responses

ble class="round"> <tr>
>CYBERTALK>tr> <tr>>td>tr> able> <tr>
>THE FOLKIE ERA>tr> <tr>>td>tr> able> <tr>
>STATES BY SUPER-SENATOR>tr> <tr>>(Ken: You'll need to name the state whose two senators in the 118th Congress we have combined.)>tr> able> <tr>
>ARRESTING LITERATURE>tr> <tr>>td>tr> able> <tr>
>2 x 3>tr> <tr>>(Ken: Each response is two 3-letter words.)>tr> able> <tr> </tr> <tr> </tr> <tr> </tr> <tr> </tr> <tr> </tr> <tr> </tr> <tr> </tr> <tr> </tr> <tr> </tr> <tr> </tr> <tr> </tr> <tr> </tr> <tr> </tr> <tr> </tr> <tr> </tr> <tr> </tr> <tr> </tr> <tr> </tr> <tr> </tr> <tr> </tr> <tr> </tr> <tr> </tr> <tr> </tr> <tr> </tr> <tr> </tr> <tr> </tr> <tr> </tr> <tr> </tr> <tr> </tr> <tr> </tr> <tr> </tr> <tr> </tr> <tr> </tr> <tr> </tr> <tr> </tr> <tr> </tr> able> >Scores at the first commercial break (after clue 15):
>6-POURRI>tr> <tr>>td>tr> able> <tr> <td>
>&#160;   >$200 > href="suggestcorrection.php?clue_id=525557" title="Suggest a correction for this clue" rel="nofollow">19>td>
>m class="correct_response">to lurk>r />
>able>>d class="wrong">Triple Stumper>tr>>td> </tr> able>
<tr> <td>
>&#160;   >$200 > href="suggestcorrection.php?clue_id=525565" title="Suggest a correction for this clue" rel="nofollow">22>td>
>m class="correct_response">"This Land Is Your Land">r />r />able width="100%">>d class="right">Nella>tr>>td> </tr> able> <tr> <td>
>&#160;   >$200 > href="suggestcorrection.php?clue_id=525543" title="Suggest a correction for this clue" rel="nofollow">5>td>
(Ken: You beat the former state senator to the fifth one.)
>r />m class="correct_response">Pennsylvania>r />r />able width="100%">>d class="right">Zach>tr>>td> </tr> able>
<tr> <td>
>&#160;   >$200 > href="suggestcorrection.php?clue_id=525547" title="Suggest a correction for this clue" rel="nofollow">6>td>
>m class="correct_response">Kafka>r />r />able width="100%">>d class="right">Jay>tr>>td> </tr> able> <tr> <td>
>&#160;   >$200 > href="suggestcorrection.php?clue_id=525548" title="Suggest a correction for this clue" rel="nofollow">11>td>
>m class="correct_response">red ink>r />r />able width="100%">>d class="right">Nella>tr>>td> </tr> able> <tr> <td>
>&#160;   >$200 > href="suggestcorrection.php?clue_id=525553" title="Suggest a correction for this clue" rel="nofollow">12>td>
>m class="correct_response">Joe Six-Pack>r />r />able width="100%">>d class="right">Zach>tr>>td> </tr> able> <tr> <td>
>&#160;   >$400 > href="suggestcorrection.php?clue_id=525558" title="Suggest a correction for this clue" rel="nofollow">20>td>
>m class="correct_response">a bandwidth>r />r />able width="100%">>d class="right">Nella>tr>>td> </tr> able> <tr> <td>
>&#160;   >$400 > href="suggestcorrection.php?clue_id=525566" title="Suggest a correction for this clue" rel="nofollow">23>td>
>m class="correct_response">Dylan>r />r />able width="100%">>d class="right">Zach>tr>>td> </tr> able> <tr> <td>
>&#160;   >$400 > href="suggestcorrection.php?clue_id=525544" title="Suggest a correction for this clue" rel="nofollow">4>td>
>m class="correct_response">Arizona>r />r />able width="100%">>d class="right">Jay>tr>>td> </tr> able> <tr> <td>
>&#160;   >$400 > href="suggestcorrection.php?clue_id=525560" title="Suggest a correction for this clue" rel="nofollow">17>td>
>m class="correct_response">>A Gentleman in Moscow>r />
>able>>d class="wrong">Triple Stumper>tr>>td> </tr> able>
<tr> <td>
>&#160;   >$400 > href="suggestcorrection.php?clue_id=525549" title="Suggest a correction for this clue" rel="nofollow">7>td>
>(Nella: What is air--[*]?)
>r />m class="correct_response">big air>r />r />able width="100%">>d class="right">Nella>tr>>td> </tr> able>
<tr> <td>
>&#160;   >$400 > href="suggestcorrection.php?clue_id=525554" title="Suggest a correction for this clue" rel="nofollow">13>td>
>m class="correct_response">the Six-Day War>r />r />able width="100%">>d class="right">Zach>tr>>td> </tr> able> <tr> <td>
>&#160;   >$1,000 > href="suggestcorrection.php?clue_id=525559" title="Suggest a correction for this clue" rel="nofollow">21>td>
>(Ken: Nella?)
(Nella: What is a handshake? I don't know.)
>r />a protocol>r />r />able width="100%">r>d class="wrong">Nella>tr>>td> </tr> able>
<tr> <td>
>&#160;   $600 24>td>
Judy Collins>r />r />able width="100%">>d class="right">Jay>tr>>td> </tr> able> <tr> <td>
>&#160;   $600 3>td>
Texas>r />r />able width="100%">>d class="right">Jay>tr>>td> </tr> able> <tr> <td>
>&#160;   $600 18>td>
>m class="correct_response">>Holes>r />r />able width="100%">>d class="right">Zach>tr>>td> </tr> able> <tr> <td>
>&#160;   $600 8>td>
a hot dog>r />r />able width="100%">>d class="right">Zach>tr>>td> </tr> able> <tr> <td>
>&#160;   $600 14>td>
the Cardinals>r />r />able width="100%">>d class="right">Zach>tr>>td> </tr> able> <tr> <td>
>&#160;   $800 26>td>
(Zach: What's a firewall?)
>r />an air gap>r />r />able width="100%">r>d class="wrong">Zach>tr>>able>>d class="wrong">Triple Stumper>tr>>td> </tr> able>
<tr> <td>
>&#160;   $800 25>td>
Peter, Paul and Mary>r />r />able width="100%">>d class="right">Zach>tr>>td> </tr> able> <tr> <td>
>&#160;   $800 2>td>
Iowa>r />r />able width="100%">>d class="right">Jay>tr>>td> </tr> able> <tr> <td>
>&#160;   $800 28>td>
(Nella: >Shawshank Redem>--what is [*]?)
>r />m class="correct_response">>Shawshank Redemption>r />r />able width="100%">>d class="right">Nella>tr>>td> </tr> able>
<tr> <td>
>&#160;   $800 9>td>
a key fob>r />r />able width="100%">>d class="right">Zach>tr>>td> </tr> able> <tr> <td>
>&#160;   $800 15>td>
Massachusetts>r />r />able width="100%">>d class="right">Jay>tr>>td> </tr> able> <tr> <td>
>&#160;   $1000 27>td>
(Zach: What is 404?)
>...
(Ken: 404 is "resource not found"; [*] is "forbidden".)
>r />403>r />r />able width="100%">r>d class="wrong">Zach>tr>>able>>d class="wrong">Triple Stumper>tr>>td> </tr> able>
<tr> <td>
>&#160;   $1000 30>td>
"Where Have All The Flowers Gone?">r />r />able width="100%">>d class="right">Jay>tr>>td> </tr> able> <tr> <td>
>&#160;   $1000 1>td>
Alabama>r />r />able width="100%">>d class="right">Jay>tr>>td> </tr> able> <tr> <td>
>&#160;   $1000 29>td>
(Cormac) McCarthy>r />r />able width="100%">>d class="right">Jay>tr>>td> </tr> able> <tr> <td>
>&#160;   $1000 10>td>
a tap out>r />r />able width="100%">>d class="right">Zach>tr>>td> </tr> able> <tr> <td>
>&#160;   $1000 16>td>
(Nella: What is Maserati?)
>r />Lancia>r />r />able width="100%">r>d class="wrong">Nella>tr>>able>>d class="wrong">Triple Stumper>tr>>td> </tr> able>
>Jay >Nella >Zach
>$3,800 >$600 >$3,800
>Scores at the end of the Jeopardy! Round:
>Jay >Nella >Zach
>$6,400 >$0 >$3,800
>Double Jeopardy! Round responses ble class="round">
<tr>d class="category_name">U.S. PLACE NICKNAMES>tr> <tr>
>td>tr> able> <tr>d class="category_name">LE CINÉMA>tr> <tr>
>td>tr> able> <tr>d class="category_name">EDUCATION>tr> <tr>
>td>tr> able> <tr>d class="category_name">3 CONSECUTIVE LETTERS>tr> <tr>d class="category_comments">(Ken: ...are gonna be found in each correct response.)>tr> able> </tr> <tr>
<tr>d class="category_name">WORLD HISTORY>tr> <tr>
>td>tr> able> <tr>d class="category_name">OPERA HEROINES>tr> <tr> </tr> <tr> </tr> <tr> </tr> <tr> </tr> <tr> </tr> <tr> </tr> <tr> </tr> <tr> </tr> <tr> </tr> <tr> </tr> <tr> </tr> <tr> </tr> <tr> </tr> <tr> </tr> <tr> </tr> <tr> </tr> <tr> </tr> <tr> </tr> <tr> </tr> <tr> </tr> <tr> </tr> <tr> </tr> <tr> </tr> <tr> </tr> <tr> </tr> <tr> </tr> <tr> </tr> <tr> </tr> <tr> </tr> <tr> </tr> <tr> </tr> <tr> </tr> <tr> </tr> <tr> </tr> <tr> </tr> <tr> </tr> able>

Scores at the end of the Double Jeopardy! Round:

>td>tr> able> <tr> <td>
>&#160;   >$400 2>td>
Fort Lauderdale>r />r />able width="100%">>d class="right">Jay>tr>>td> </tr> able> <tr> <td>
>&#160;   >$400 21>td>
>m class="correct_response">>Anatomy of a Fall>r />
>able>>d class="wrong">Triple Stumper>tr>>td> </tr> able>
<tr> <td>
>&#160;   >$400 24>td>
kindergarten>r />r />able width="100%">>d class="right">Zach>tr>>td> </tr> able> <tr> <td>
>&#160;   >$400 1>td>
>a defibrillator>r />r />able width="100%">>d class="right">Zach>tr>>td> </tr> able> <tr> <td>
>&#160;   >$400 23>td>
the Suez Canal>r />
>able>>d class="wrong">Triple Stumper>tr>>td> </tr> able>
<tr> <td>
>&#160;   >$400 6>td>
Carmen>r />r />able width="100%">>d class="right">Jay>tr>>td> </tr> able> <tr> <td>
>&#160;   $800 3>td>
(Ken: Your old stomping grounds, yes.)
>r />Memphis>r />r />able width="100%">>d class="right">Jay>tr>>td> </tr> able>
<tr> <td>
>&#160;   $800 22>td>
>m class="correct_response">>on Fire>r />
>able>>d class="wrong">Triple Stumper>tr>>td> </tr> able>
<tr> <td>
>&#160;   $800 10>td>
(Zach: What's a curve?)
>r />grade inflation (regular inflation)>r />r />able width="100%">r>d class="wrong">Zach>tr>>able>>d class="wrong">Triple Stumper>tr>>td> </tr> able>
<tr> <td>
>&#160;   $800 15>td>
>the Afghan>r />r />able width="100%">>d class="right">Jay>tr>>td> </tr> able> <tr> <td>
>&#160;   $800 5>td>
the Fourteen Points>r />r />able width="100%">>d class="right">Nella>tr>>td> </tr> able> <tr> <td>
>&#160;   $800 19>td>
(Ken: In >The Marriage of [*].)
>r />Figaro>r />
>able>>d class="wrong">Triple Stumper>tr>>td> </tr> able>
<tr> <td>
>&#160;   $3,000 4>td>
Punxsutawney>r />r />able width="100%">>d class="right">Jay>tr>>td> </tr> able> <tr> <td>
>&#160;   $1200 26>td>
"La Vie En Rose">r />r />able width="100%">>d class="right">Jay>tr>>td> </tr> able> <tr> <td>
>&#160;   $1200 11>td>
Suzuki>r />r />able width="100%">>d class="right">Jay>tr>>td> </tr> able> <tr> <td>
>&#160;   $1200 16>td>
>acetaminophen>r />r />able width="100%">>d class="right">Nella>tr>>td> </tr> able> <tr> <td>
>&#160;   $1200 7>td>
the Indus Valley civilization>r />
>able>>d class="wrong">Triple Stumper>tr>>td> </tr> able>
<tr> <td>
>&#160;   $1200 20>td>
Tosca>r />
>able>>d class="wrong">Triple Stumper>tr>>td> </tr> able>
<tr> <td>
>&#160;   $1600 13>td>
Hot Springs>r />r />able width="100%">>d class="right">Nella>tr>>td> </tr> able> <tr> <td>
>&#160;   $1600 27>td>
Jean Dujardin>r />
>able>>d class="wrong">Triple Stumper>tr>>td> </tr> able>
<tr> <td>
>&#160;   $3,500 12>td>
Montessori>r />r />able width="100%">>d class="right">Jay>tr>>td> </tr> able> <tr> <td>
>&#160;   $1600 17>td>
>hymnology>r />
>able>>d class="wrong">Triple Stumper>tr>>td> </tr> able>
<tr> <td>
>&#160;   $1600 8>td>
Điện Biên Phủ>r />
>able>>d class="wrong">Triple Stumper>tr>>td> </tr> able>
<tr> <td>
>&#160;   $1600 29>td>
>m class="correct_response">>La traviata>r />
>able>>d class="wrong">Triple Stumper>tr>>td> </tr> able>
<tr> <td>
>&#160;   $2000 14>td>
Tombstone>r />
>able>>d class="wrong">Triple Stumper>tr>>td> </tr> able>
<tr> <td>
>&#160;   $2000 28>td>
(Zach: Who is... Hitchcock?)
>r />Jean-Luc Godard>r />r />able width="100%">r>d class="wrong">Zach>tr>>able>>d class="wrong">Triple Stumper>tr>>td> </tr> able>
<tr> <td>
>&#160;   $2000 25>td>
Bethune>r />r />able width="100%">>d class="right">Jay>tr>>td> </tr> able> <tr> <td>
>&#160;   $2000 18>td>
>the Ghibellines>r />
>able>>d class="wrong">Triple Stumper>tr>>td> </tr> able>
<tr> <td>
>&#160;   $2000 9>td>
Herman the German>r />
>able>>d class="wrong">Triple Stumper>tr>>td> </tr> able>
<tr> <td>
>&#160;   $2000 30>td>
(Ken: Here's our final clue in OPERA HEROINES; I believe in you.)
[Laughter]
>r />m class="correct_response">Fidelio>r />
>able>>d class="wrong">Triple Stumper>tr>>td> </tr> able>
>Jay >Nella >Zach
$19,700 $3,600 >$1,800
(>lock game)

[wagering suggestions for these scores]>p>

<table> <tr>d class="category_name">LITERARY CHARACTERS>tr>
>td>tr>
iv>
<tr> <td class="clue_text">(Ken: Technical sergeant is what the T.S. stands for in [*], John Irving's The World According to [*].)>r> able>

Final scores:

>Zach>d rowspan="2" valign="top">Who is Smith?>tr>r>d>$1,800>tr>r>>Nella>d rowspan="2" valign="top">Who is ?>tr>r>d>$3,599>tr>r>>Jay>d rowspan="2" valign="top">Who is ????>tr>r>d>$5,300>tr>table>m class="correct_response">(T.S.) Garp>td> </tr> able>
>Jay >Nella >Zach
$14,400 $1 $0
2-day champion: $16,199 2nd place: $3,000 3rd place: $2,000

Game dynamics:

> href="help.php#coryatscore">Coryat scores>:</h3>
>Jay >Nella >Zach
>$16,000 $4,600 >$1,800
>18 R
(including 2 DDs),
>0 W
>8 R,
2 W
>(including 1 DD)
>12 R,
4 W

>Combined Coryat: $22,400

>[game clues] >[game scores] >[suggest correction]

Game tape date: 2024-05-23
The J! Archive is created by fans, for fans. Scraping, republication, monetization, and malicious use prohibited; this site may use cookies and collect identifying information. See terms. The Jeopardy! game show and all elements thereof, including but not limited to copyright and trademark thereto, are the property of Jeopardy Productions, Inc. and are protected under law. This website is not affiliated with, sponsored by, or operated by Jeopardy Productions, Inc. Join the discussion at JBoard.tv.